[Event "Mazowiec-chT op 1617"]
[Site "Warsaw"]
[Date "2017.01.15"]
[Round "5.21"]
[White "Szewczyk, Mariusz"]
[Black "Wiszniowski, Eugeniusz"]
[Result "1-0"]
[WhiteElo "2062"]
[BlackElo "1694"]
[PlyCount "91"]
[EventDate "2016.12.11"]
[EventType "team-swiss"]
[EventRounds "10"]
[EventCountry "POL"]
[SourceTitle "EXT 2019"]
[Source "ChessBase"]
[SourceDate "2018.10.10"]
[SourceVersion "1"]
[SourceVersionDate "2018.10.10"]
[SourceQuality "1"]

1. e4 c5 2. Nf3 d6 3. e5 a6 4. Nc3 Nc6 5. exd6 exd6 6. d4 cxd4 7. Nxd4 Nxd4 8. Qxd4 Nf6 9. Bf4 d5 10. 0-0-0 Be6 11. Be2 Qa5 12. Qa4+ Qxa4 13. Nxa4 Rc8 14. Be5 Ne4 15. Rhf1 b5 16. Nc3 Nxc3 17. Bxc3 Rg8 18. Bf3 Rd8 19. Rd3 Bc5 20. Bd4 Bxd4 21. Rxd4 Ke7 22. Rfd1 Rd6 23. a4 Rgd8 24. Rb4 bxa4 25. Rxa4 Kf6 26. Rdd4 g5 27. Ra5 Ke5 28. Rda4 Bd7 29. Re4+ Kf6 30. Rd4 Be6 31. Be2 Bc8 32. Rda4 Re8 33. Kd2 Re4 34. Bd3 Rxa4 35. Rxa4 h5 36. Ra5 Bb7 37. Rc5 Rd7 38. Bxa6 Bxa6 39. Rc6+ Ke5 40. Rxa6 d4 41. Kd3 h4 42. b4 Rb7 43. c3 f5 44. h3 Rf7 45. f3 Rb7 46. Ra5+ 1-0

[Event "Mazowiec-chT op Autumn"]
[Site "Poland"]
[Date "2012.10.21"]
[Round "3.28"]
[White "Wiszniowski, Eugeniusz"]
[Black "Kankowski, Daniel"]
[Result "1-0"]
[WhiteElo "1728"]
[BlackElo "1453"]
[PlyCount "79"]
[EventDate "2012.10.14"]
[EventType "team-swiss"]
[EventRounds "8"]
[EventCountry "POL"]
[SourceTitle "EXT 2019"]
[Source "ChessBase"]
[SourceDate "2018.10.10"]
[SourceVersion "1"]
[SourceVersionDate "2018.10.10"]
[SourceQuality "1"]

1. b4 e6 2. Bb2 Nf6 3. a3 d5 4. e3 Nbd7 5. Nf3 Be7 6. Be2 0-0 7. 0-0 b6 8. d3 Bb7 9. Nbd2 Rc8 10. c4 dxc4 11. Nxc4 Ne8 12. Re1 Nd6 13. Rc1 Nxc4 14. Rxc4 b5 15. Rc1 Nb6 16. d4 a6 17. Ne5 Bd6 18. Bf3 Bxe5 19. Bxb7 Rb8 20. Qf3 Bd6 21. Be4 f5 22. Bd3 Nd5 23. g3 Rf6 24. e4 fxe4 25. Qxe4 g6 26. Qg4 Qd7 27. Be4 Rd8 28. Rc2 Kh8 29. Bc1 Be7 30. Bg5 Rf7 31. Bxd5 exd5 32. Qxd7 Rxd7 33. Bf4 Bf6 34. Re8+ Kg7 35. Be5 Bxe5 36. dxe5 Rfe7 37. Rxe7+ Rxe7 38. f4 Kf7 39. Rc6 Rd7 40. Rxa6 1-0

[Event "Brandenburg-ch Seniors 18th"]
[Site "Rowy"]
[Date "2009.06.29"]
[Round "8"]
[White "Rehder, Frank"]
[Black "Wiszniowski, Eugeniusz"]
[Result "1-0"]
[WhiteElo "1724"]
[BlackElo "1737"]
[PlyCount "77"]
[EventDate "2009.06.22"]
[EventType "swiss"]
[EventRounds "9"]
[EventCountry "POL"]
[SourceTitle "EXT 2022"]
[Source "ChessBase"]
[SourceDate "2021.10.06"]
[SourceVersion "1"]
[SourceVersionDate "2021.10.06"]
[SourceQuality "1"]

1. d4 Nf6 2. Nf3 g6 3. c4 Bg7 4. Nc3 d6 5. e4 0-0 6. Be2 c6 7. 0-0 Nbd7 8. h3 e5 9. Be3 h6 10. Qd2 Kh7 11. Rfd1 Re8 12. d5 cxd5 13. cxd5 a6 14. b4 Ng8 15. Bd3 Ne7 16. Qc2 Nf8 17. g4 Bd7 18. a4 Rc8 19. Qd2 Ng8 20. Kh2 Qf6 21. Be2 g5 22. Rdb1 Ng6 23. Bd1 Nf4 24. b5 axb5 25. Nxb5 Rc4 26. Rb4 Bxb5 27. Rxb5 Rc7 28. Rab1 Qe7 29. Rb6 Nf6 30. R1b4 Qd7 31. Ne1 Re7 32. Qb2 Kg8 33. a5 Bf8 34. Ba4 Nxg4+ 35. Kg3 Nh5+ 36. Kf3 Nh2+ 37. Kg2 Nf4+ 38. Bxf4 exf4 39. Bxd7 1-0

[Event "Brandenburg-ch Seniors 18th"]
[Site "Rowy"]
[Date "2009.06.23"]
[Round "2"]
[White "Najgebauer, Stanislaw"]
[Black "Wiszniowski, Eugeniusz"]
[Result "1-0"]
[WhiteElo "2003"]
[BlackElo "1737"]
[PlyCount "113"]
[EventDate "2009.06.22"]
[EventType "swiss"]
[EventRounds "9"]
[EventCountry "POL"]
[SourceTitle "EXT 2022"]
[Source "ChessBase"]
[SourceDate "2021.10.06"]
[SourceVersion "1"]
[SourceVersionDate "2021.10.06"]
[SourceQuality "1"]

1. e4 d6 2. d4 Nf6 3. Nc3 c6 4. Nf3 g6 5. Bc4 b5 6. Bd3 Bg7 7. 0-0 0-0 8. h3 Nbd7 9. Bf4 Nh5 10. Bh2 e5 11. d5 b4 12. dxc6 bxc3 13. cxd7 Bxd7 14. bxc3 Nf4 15. Rb1 Qc7 16. c4 Be6 17. Bxf4 exf4 18. Qe2 Rfc8 19. Qd2 Bxc4 20. Qxf4 Bxa2 21. Rbd1 h6 22. Rfe1 Rd8 23. e5 dxe5 24. Nxe5 Qc5 25. Ng4 Qg5 26. Qa4 Bd5 27. Ne3 Be6 28. h4 Qc5 29. Be4 Rxd1 30. Rxd1 Rb8 31. Qa6 Bd4 32. Re1 Qc3 33. Qe2 Bb6 34. Nd1 Qf6 35. h5 g5 36. Bd3 g4 37. Qe4 g3 38. Rf1 Rd8 39. Ne3 Rd4 40. Qb7 Kf8 41. fxg3 Qg7 42. Kh2 Qh7 43. Bxh7 Rd2 44. Bf5 Ba2 45. Ra1 Bxe3 46. Rxa2 Rd1 47. Bd3 Bg1+ 48. Kh3 Re1 49. Ra4 Re5 50. Kg4 Rg5+ 51. Kh4 Bf2 52. Rg4 Re5 53. Rf4 Be3 54. Rf3 Bg5+ 55. Kh3 a5 56. g4 Rc5 57. Bf5 1-0

[Event "Warsaw City-ch"]
[Site "Warsaw"]
[Date "2008.10.04"]
[Round "8"]
[White "Bernacki, Gabriel"]
[Black "Wiszniowski, Eugeniusz"]
[Result "1-0"]
[WhiteElo "1902"]
[BlackElo "1795"]
[PlyCount "57"]
[EventDate "2008.09.27"]
[EventType "swiss"]
[EventRounds "9"]
[EventCountry "POL"]
[SourceTitle "EXT 2010"]
[Source "ChessBase"]
[SourceDate "2010.11.25"]
[SourceVersion "1"]
[SourceVersionDate "2010.11.25"]
[SourceQuality "1"]

1. e4 d6 2. Nc3 Nf6 3. f4 g6 4. Nf3 c6 5. d4 e6 6. Bd3 Bg7 7. 0-0 0-0 8. Qe1 a5 9. Qh4 Nh5 10. Be3 Qxh4 11. Nxh4 f5 12. e5 dxe5 13. fxe5 f4 14. Bd2 Bh6 15. Ne4 g5 16. Nf3 g4 17. Nfg5 Bxg5 18. Nxg5 h6 19. Ne4 Kg7 20. Be2 f3 21. gxf3 Nf4 22. Bxf4 Rxf4 23. Nd6 Bd7 24. fxg4 Rxd4 25. Rf7+ Kg6 26. Raf1 Kg5 27. Rg7+ Kh4 28. Rf6 h5 29. Rh6 1-0

[Event "Warsaw City-ch"]
[Site "Warsaw"]
[Date "2008.09.27"]
[Round "1"]
[White "Zurkowski, Andrzej"]
[Black "Wiszniowski, Eugeniusz"]
[Result "1-0"]
[WhiteElo "2068"]
[BlackElo "1795"]
[PlyCount "53"]
[EventDate "2008.09.27"]
[EventType "swiss"]
[EventRounds "9"]
[EventCountry "POL"]
[SourceTitle "EXT 2010"]
[Source "ChessBase"]
[SourceDate "2010.11.25"]
[SourceVersion "1"]
[SourceVersionDate "2010.11.25"]
[SourceQuality "1"]

1. d4 Nf6 2. c4 d6 3. Nc3 g6 4. e4 Bg7 5. f4 0-0 6. Nf3 c6 7. Be2 a5 8. 0-0 Na6 9. h3 Bd7 10. Be3 Rb8 11. a4 Nb4 12. Qd2 Qc8 13. Kh2 b6 14. Rad1 Rd8 15. Nh4 e6 16. g4 d5 17. cxd5 exd5 18. e5 Ne4 19. Nxe4 dxe4 20. f5 c5 21. Bh6 Bxa4 22. Bxg7 Kxg7 23. Qg5 Qc6 24. fxg6 hxg6 25. Nf5+ Kf8 26. Qe7+ Kg8 27. Nh6+ 1-0

[Event "Rowy Veterans 14th"]
[Site "Rowy"]
[Date "2008.09.03"]
[Round "6.12"]
[White "Wiszniowski, Eugeniusz"]
[Black "Cylwik, Zbigniew"]
[Result "1/2-1/2"]
[WhiteElo "1780"]
[BlackElo "2089"]
[PlyCount "46"]
[EventDate "2008.08.30"]
[EventType "swiss"]
[EventRounds "9"]
[EventCountry "POL"]
[SourceTitle "EXT 2023"]
[Source "ChessBase"]
[SourceDate "2022.10.05"]
[SourceVersion "1"]
[SourceVersionDate "2022.10.05"]
[SourceQuality "1"]

1. b4 Nf6 2. Bb2 g6 3. c4 Bg7 4. d4 0-0 5. Nf3 b6 6. g3 Bb7 7. Bg2 d6 8. 0-0 Nbd7 9. a3 e6 10. Nc3 Ne4 11. Qc2 Nxc3 12. Bxc3 Qe7 13. e4 Rfd8 14. Rfe1 e5 15. d5 Rf8 16. Nh4 Rae8 17. Rac1 Bh6 18. Bd2 Bxd2 19. Qxd2 Kg7 20. Qd3 Ra8 21. Bh3 c5 22. dxc6 Bxc6 23. Rcd1 Nf6 1/2-1/2

[Event "Rowy Veterans 14th"]
[Site "Rowy"]
[Date "2008.09.01"]
[Round "3.14"]
[White "Wiszniowski, Eugeniusz"]
[Black "Wrabel, Antoni"]
[Result "1/2-1/2"]
[WhiteElo "1780"]
[BlackElo "1905"]
[PlyCount "104"]
[EventDate "2008.08.30"]
[EventType "swiss"]
[EventRounds "9"]
[EventCountry "POL"]
[SourceTitle "EXT 2023"]
[Source "ChessBase"]
[SourceDate "2022.10.05"]
[SourceVersion "1"]
[SourceVersionDate "2022.10.05"]
[SourceQuality "1"]

1. b4 d5 2. Bb2 Nf6 3. e3 e6 4. a3 Bd6 5. Nf3 0-0 6. Be2 a5 7. b5 c6 8. a4 Nbd7 9. d4 Ne4 10. 0-0 Nb6 11. Nbd2 Nxd2 12. Nxd2 Nd7 13. c4 dxc4 14. Nxc4 Bc7 15. Bf3 cxb5 16. axb5 Rb8 17. g3 b6 18. e4 Bb7 19. Bg2 Nf6 20. Re1 Qd7 21. Qb3 Rfc8 22. Rad1 Ne8 23. d5 exd5 24. exd5 Nd6 25. Na3 Re8 26. Qc3 Rxe1+ 27. Rxe1 f6 28. Qd3 Re8 29. Rd1 Bc8 30. Bc1 Qe7 31. h3 Qe2 32. Qb3 Bd7 33. Bf3 Qe7 34. Kg2 Kf8 35. Bf4 Bf5 36. Bxd6 Bxd6 37. Nc4 Qd8 38. Nxd6 Qxd6 39. Rc1 Rc8 40. Rc6 Rxc6 41. dxc6 Qd4 42. Qd5 Qxd5 43. Bxd5 Bc8 44. g4 Ke7 45. Be4 h6 46. f4 Kd6 47. Kf2 Kc5 48. Bd3 a4 49. c7 Kd6 50. Bc4 Kxc7 51. Ke3 Kd6 52. Kd4 a3 1/2-1/2

[Event "Warsaw Najdorf Memorial op-B"]
[Site "Warsaw"]
[Date "2008.08.03"]
[Round "2"]
[White "Zakhartsova, Inga"]
[Black "Wiszniowski, Eugeniusz"]
[Result "1-0"]
[WhiteElo "1974"]
[BlackElo "1780"]
[PlyCount "63"]
[EventDate "2008.08.02"]
[EventType "swiss"]
[EventRounds "9"]
[EventCountry "POL"]
[SourceTitle "CBM 126 Extra"]
[Source "ChessBase"]
[SourceDate "2008.11.05"]
[SourceVersion "1"]
[SourceVersionDate "2008.11.05"]
[SourceQuality "1"]

1. e4 d6 2. d4 Nf6 3. Nc3 c6 4. Nf3 Nbd7 5. h3 e5 6. dxe5 dxe5 7. Be3 Qa5 8. Nd2 b5 9. a3 Qc7 10. g4 g6 11. Be2 Bc5 12. Bh6 Qb6 13. 0-0 Bb7 14. a4 a6 15. Nb3 Bxf2+ 16. Rxf2 b4 17. a5 Qa7 18. Bg7 Rg8 19. Bxf6 Nxf6 20. Qd6 Nd7 21. Bc4 Rf8 22. Na4 Qe3 23. Nbc5 Qg3+ 24. Rg2 Qe3+ 25. Kh2 Qf4+ 26. Kh1 Nxc5 27. Rd1 Nd3 28. Qxd3 Rh8 29. Qd7+ Kf8 30. Rf1 Qxf1+ 31. Bxf1 Bc8 32. Qxc6 1-0

[Event "Brandenburg-ch Seniors 17th"]
[Site "Rowy"]
[Date "2008.07.02"]
[Round "9"]
[White "Wiszniowski, Eugeniusz"]
[Black "Kwiek, Janusz"]
[Result "0-1"]
[WhiteElo "1555"]
[BlackElo "1834"]
[PlyCount "22"]
[EventDate "2008.06.23"]
[EventType "swiss"]
[EventRounds "9"]
[EventCountry "POL"]
[SourceTitle "EXT 2022"]
[Source "ChessBase"]
[SourceDate "2021.10.06"]
[SourceVersion "1"]
[SourceVersionDate "2021.10.06"]
[SourceQuality "1"]

1. b4 Nf6 2. Bb2 e6 3. a3 d5 4. e3 c5 5. b5 b6 6. Nf3 Nbd7 7. c4 Bd6 8. d4 0-0 9. Nbd2 Bb7 10. Bd3 Qc7 11. Rc1 Rac8 0-1

[Event "Brandenburg-ch Seniors 17th"]
[Site "Rowy"]
[Date "2008.06.30"]
[Round "7"]
[White "Soltau, Achim"]
[Black "Wiszniowski, Eugeniusz"]
[Result "0-1"]
[WhiteElo "1847"]
[BlackElo "1555"]
[PlyCount "104"]
[EventDate "2008.06.23"]
[EventType "swiss"]
[EventRounds "9"]
[EventCountry "POL"]
[SourceTitle "EXT 2022"]
[Source "ChessBase"]
[SourceDate "2021.10.06"]
[SourceVersion "1"]
[SourceVersionDate "2021.10.06"]
[SourceQuality "1"]

1. d4 Nf6 2. c4 d6 3. Nc3 c6 4. e4 g6 5. Nf3 Bg7 6. Be2 a5 7. Be3 Ng4 8. Bg5 h6 9. Bh4 0-0 10. h3 Nf6 11. e5 dxe5 12. dxe5 Nfd7 13. Bg3 f5 14. exf6 exf6 15. 0-0 f5 16. Bd6 Re8 17. c5 Kh7 18. Bc4 Qf6 19. Re1 Rxe1+ 20. Qxe1 Qd8 21. Qe3 b5 22. Bf7 Na6 23. Re1 Bf6 24. Qf4 Ndxc5 25. Be5 Nd3 26. Bxf6 Qxf6 27. Bxg6+ Kxg6 28. Qg3+ Kf7 29. Ng5+ hxg5 30. Qxd3 Be6 31. Qe3 Nb4 32. Qb6 Rd8 33. a3 Nd3 34. Rxe6 Kxe6 35. Qxc6+ Rd6 36. Qxb5 Kf7 37. Qxa5 Nf4 38. Nb5 Rd1+ 39. Kh2 Kg6 40. Qc7 Ne6 41. Qb8 Ng7 42. b4 g4 43. a4 f4 44. a5 gxh3 45. g4 Qa1 46. Qxf4 Rh1+ 47. Kg3 Qg1+ 48. Kh4 h2 49. Nd6 Qf1 50. Qf7+ Kh7 51. Nf5 Qd3 52. g5 Qxf5 0-1

[Event "Warsaw City-ch"]
[Site "Warsaw"]
[Date "2007.09.15"]
[Round "1"]
[White "Kaliszewski, Tomasz"]
[Black "Wiszniowski, Eugeniusz"]
[Result "1/2-1/2"]
[WhiteElo "2158"]
[BlackElo "1788"]
[PlyCount "149"]
[EventDate "2007.09.15"]
[EventType "swiss"]
[EventRounds "9"]
[EventCountry "POL"]
[SourceTitle "EXT 2009"]
[Source "ChessBase"]
[SourceDate "2008.11.26"]
[SourceVersion "1"]
[SourceVersionDate "2008.11.26"]
[SourceQuality "1"]

1. e4 c5 2. Nf3 d6 3. d4 cxd4 4. Nxd4 Nf6 5. Nc3 a6 6. Be2 g6 7. 0-0 Bg7 8. Be3 Bd7 9. a4 Nc6 10. Kh1 Nxd4 11. Bxd4 e5 12. Be3 Bc6 13. Bf3 0-0 14. a5 Rc8 15. Qd2 Qe7 16. Rfd1 Rfd8 17. Bb6 Rd7 18. Qe2 Qf8 19. Rd3 h5 20. Rad1 Bh6 21. b3 Qe7 22. Nb1 Re8 23. c4 Qe6 24. Nc3 Rc8 25. g3 Re8 26. Bg2 Rc8 27. f3 Re8 28. h4 Rc8 29. Kh2 Ne8 30. Nd5 f5 31. exf5 gxf5 32. f4 e4 33. Rc3 Qg6 34. Bh3 Bg7 35. Rc2 Rf7 36. Ne3 Bd7 37. Rcd2 Bc3 38. Rc2 Bf6 39. Rd5 Bh8 40. Rd1 Rg7 41. Qf2 Be6 42. Bd4 Rf7 43. Bxh8 Kxh8 44. Rcd2 Rc6 45. Nc2 Bd7 46. Nb4 Rc8 47. Nd5 Rc5 48. Qd4+ Kh7 49. b4 Rc6 50. Nb6 Be6 51. Nd5 Bxd5 52. Qxd5 Nc7 53. Qd4 Ne6 54. Qc3 Nc7 55. Qe3 Qe6 56. Rd5 Nxd5 57. cxd5 Rc2+ 58. Kh1 Qc8 59. Qb6 Rc1 60. Rxc1 Qxc1+ 61. Kh2 Qc2+ 62. Bg2 Qc7 63. Qe3 Rg7 64. Bh3 Qf7 65. Bf1 Qf6 66. Be2 Kh6 67. Kh3 Qa1 68. Kh2 Qb2 69. Kh3 Qxb4 70. Bd1 Qxa5 71. Qe2 Rg4 72. Qb2 Qd8 73. Bxg4 fxg4+ 74. Kg2 b5 75. Qd4 1/2-1/2

[Event "Warsaw City-ch"]
[Site "Warsaw"]
[Date "2007.09.15"]
[Round "2"]
[White "Wiszniowski, Eugeniusz"]
[Black "Solnicki, Michal"]
[Result "0-1"]
[WhiteElo "1788"]
[BlackElo "1975"]
[PlyCount "94"]
[EventDate "2007.09.15"]
[EventType "swiss"]
[EventRounds "9"]
[EventCountry "POL"]
[SourceTitle "EXT 2009"]
[Source "ChessBase"]
[SourceDate "2008.11.26"]
[SourceVersion "1"]
[SourceVersionDate "2008.11.26"]
[SourceQuality "1"]

1. d4 Nf6 2. Nf3 g6 3. g3 Bg7 4. Bg2 0-0 5. 0-0 d6 6. c4 c6 7. Nc3 Bg4 8. h3 Bxf3 9. Bxf3 Nbd7 10. e4 e5 11. d5 c5 12. b3 Ne8 13. Bd2 f5 14. Bg2 a6 15. Rb1 f4 16. a3 g5 17. g4 Qf6 18. f3 h5 19. b4 hxg4 20. fxg4 Qd8 21. Be1 Nef6 22. Bf2 Qc7 23. b5 a5 24. Bf3 Nb6 25. Qe2 Nh7 26. Kg2 Bf6 27. Rh1 Rf7 28. h4 gxh4 29. Bxh4 Rg7 30. Kf2 Bg5 31. Rbg1 Kf7 32. Ke1 Bxh4+ 33. Rxh4 Ng5 34. Rh5 Rag8 35. Kf2 Qd7 36. Rg2 Ke8 37. Rh6 Rh7 38. Rgh2 Rgh8 39. R6h5 Qf7 40. Kg2 Qg6 41. Kf1 Nxc4 42. Qxc4 Nxf3 43. Rxh7 Nxh2+ 44. Rxh2 Rxh2 45. b6 Qxg4 46. Qb5+ Kd8 47. Ke1 Qg3+ 0-1

[Event "Mazowieckie-chT 0506"]
[Site "Poland"]
[Date "2005.10.23"]
[Round "2"]
[White "Wiszniowski, Eugeniusz"]
[Black "Skwarczylo, Marek"]
[Result "1-0"]
[WhiteElo "1802"]
[BlackElo "1800"]
[PlyCount "55"]
[EventDate "2005.10.09"]
[EventType "team-tourn"]
[EventRounds "9"]
[EventCountry "POL"]
[SourceTitle "EXT 2019"]
[Source "ChessBase"]
[SourceDate "2018.10.10"]
[SourceVersion "1"]
[SourceVersionDate "2018.10.10"]
[SourceQuality "1"]

1. d4 Nf6 2. c4 g6 3. Nc3 Bg7 4. Nf3 d6 5. e4 0-0 6. h3 e5 7. d5 Nbd7 8. Be3 Nc5 9. Qc2 a5 10. g4 b6 11. b3 Ne8 12. Bg5 Bf6 13. Bh6 Bg7 14. Bg5 f6 15. Bh4 Qd7 16. Bg2 f5 17. gxf5 gxf5 18. Ng5 h6 19. Ne6 Nxe6 20. dxe6 Qc6 21. Nd5 Qc5 22. Ne7+ Kh8 23. Ng6+ Kg8 24. Nxf8 Kxf8 25. exf5 Rb8 26. e7+ Kg8 27. Bd5+ Kh8 28. f6 1-0

[Event "Mazowieckie-chT 0405"]
[Site "Poland"]
[Date "2004.10.17"]
[Round "2"]
[White "Wiszniowski, Eugeniusz"]
[Black "Skladzien, Romuald"]
[Result "0-1"]
[WhiteElo "1830"]
[BlackElo "2009"]
[PlyCount "96"]
[EventDate "2004.10.03"]
[EventType "team-tourn"]
[EventRounds "10"]
[EventCountry "POL"]
[SourceTitle "EXT 2019"]
[Source "ChessBase"]
[SourceDate "2018.10.10"]
[SourceVersion "1"]
[SourceVersionDate "2018.10.10"]
[SourceQuality "1"]

1. d4 e6 2. Nf3 c5 3. c4 cxd4 4. Nxd4 a6 5. a3 Nc6 6. Nc3 Nf6 7. e4 d5 8. Nxc6 bxc6 9. e5 Nd7 10. f4 a5 11. Be3 Be7 12. cxd5 exd5 13. Be2 0-0 14. 0-0 Rb8 15. Qc2 Nb6 16. Rad1 c5 17. Bf2 Bb7 18. f5 d4 19. Bg3 Bg5 20. e6 Rc8 21. exf7+ Rxf7 22. Ne4 Bxe4 23. Qxe4 Re7 24. Qg4 Bf6 25. Ba6 Ra8 26. Bb5 Nd5 27. Bc4 Kf8 28. Bxd5 Qxd5 29. Bh4 Qc6 30. Rde1 Rae8 31. Rxe7 Rxe7 32. Bxf6 Qxf6 33. Qh5 h6 34. Qf3 Re8 35. g4 Rd8 36. Qd3 Rd6 37. Re1 Rd7 38. Re6 Qg5 39. Qe2 Re7 40. h3 h5 41. Kf2 hxg4 42. hxg4 Rxe6 43. fxe6 Ke7 44. Kg3 Qd5 45. Kf4 Qxe6 46. Qxe6+ Kxe6 47. Ke4 a4 48. g5 g6 0-1